| 000 | 004460000a22001810004500 | ||
|---|---|---|---|
| 003 | MACL | ||
| 005 | 20150704131722.0 | ||
| 008 | 150704b xxu||||| |||| 00| 0 eng d | ||
| 040 |
_aMACL _cmacl |
||
| 041 | _aEnglish | ||
| 082 | _a300 SAR | ||
| 100 |
_aSaraswati, S _9552 |
||
| 245 | _aYouth In india | ||
| 260 |
_bIndian Council Of Social Science Research _c1988 _aNew Delhi |
||
| 350 | _a150 | ||
| 650 |
_aSociology _919 |
||
| 942 |
_cBK _k300 _2ddc |
||
| 999 |
_c6349 _d6349 |
||